000 00421nab a22001097u 4500
008 130520b2011 xxu||||| |||| 00| 0 ger d
041 _ager
100 1 _aSilva Moreira, Alberto da
_959432
245 0 0 _aSpiritualität und Konflikt Erfahrungen der Befreiungstheologie
_cAlberto da Silva Moreira
773 0 _tGeist und Leben
_b: Zeitschrift für christliche Spiritualität
_gnº2,2011,págs. 172-185
_x0
_wRev215
942 _cAR
999 _c328190
_d328190